000 00890nam a2200265Ia 4500
003 OSt
005 20221005111857.0
006 a|||||r|||| 00| 0
007 ta
008 221004b |||||||| |||| 00| 0 hin d
020 _a818756699x (hbk)
_c950
024 _a90563
037 _b1614, 06/02/2008, Vidyanidhi Prakashan
_cTextual
040 _aCRL
_cCRL
_bhin
041 _2hin
_ahin
082 _aQ22:228:g, 152P7
100 _aजिनसेन
245 0 _aहरिवंश पुराण
_b एक अध्ययन
246 _aHarivansha purāṇa: ek adhyayana
260 _aवाराणसी
_bकला प्रकाशन भारत
_c2007
300 _a431पृ0
_ccm.
650 _aधर्म
942 _hQ22:228:g, 152P7
_cTEXL
_2cc
999 _c1023165
_d1023165